Malaysia food business directory 2009/2010.
| Format: | Book |
|---|---|
| Published: |
Shah Alam:
Marshall Cavendish,
2009.
|
| Subjects: |
| LEADER | 00467cam a2200145 7i4500 | ||
|---|---|---|---|
| 001 | 0000023383 | ||
| 005 | 20090812090000.0 | ||
| 090 | 0 | 0 | |a P 641.3025 |b MAL |
| 245 | 0 | 0 | |a Malaysia food business directory 2009/2010. |
| 260 | 0 | 0 | |a Shah Alam: |b Marshall Cavendish, |c 2009. |
| 300 | # | # | |a 196 p. |
| 650 | 0 | 0 | |a Food -- |x Directories -- |z Malaysia |
| 650 | 0 | 0 | |a Beverages -- |x Directories -- |z Malaysia |
| 651 | 0 | 0 | |a Malaysia |
| 999 | |a 0000025255 |b Directories |c Malaysia |e Business Information Centre | ||